Analýza výjezdové činnosti jednotek požární ochrany na území okresu Cheb a v příhraniční oblasti
Zaoberanie sa rozborom mimoriadnych udalostí jednotiek požiarnej ochrany v okrese Cheb. Na základe výsledkov došlo k zlepšeniu v oblasti ľudských zdrojov, navrhlo sa finančné zabezpečenie, alebo technické prostriedky na efektívnejšie riadenie núdzových situácií.
Salvato in:
| Autore principale: | |
|---|---|
| Natura: | Capitolo di libro |
| Lingua: | ceco |
| Soggetti: | |
| Tags: |
Nessun Tag, puoi essere il primo ad aggiungerne!!
|
MARC
| LEADER | 00000naa a2200000 4500 | ||
|---|---|---|---|
| 001 | 0307022 | ||
| 005 | 20250214142759.3 | ||
| 041 | 0 | |a cze | |
| 044 | |a SK | ||
| 245 | 1 | 0 | |a Analýza výjezdové činnosti jednotek požární ochrany na území okresu Cheb a v příhraniční oblasti |c Martin Tomášek |
| 520 | |a Zaoberanie sa rozborom mimoriadnych udalostí jednotiek požiarnej ochrany v okrese Cheb. Na základe výsledkov došlo k zlepšeniu v oblasti ľudských zdrojov, navrhlo sa finančné zabezpečenie, alebo technické prostriedky na efektívnejšie riadenie núdzových situácií. | ||
| 610 | 2 | 0 | |a požiare |
| 610 | 2 | 0 | |a požiarnictvo |
| 610 | 2 | 0 | |a ochrana požiarna |
| 610 | 2 | 0 | |a hranice štátne |
| 610 | 2 | 0 | |a Česko |
| 610 | 2 | 0 | |a regióny |
| 100 | 1 | |a Tomášek, Martin | |